[Event "Geraardsbergen op"]
[Site "Geraardsbergen"]
[Date "2003.08.15"]
[Round "4"]
[White "Van Ryssen, Johan"]
[Black "Stuer, Hugo"]
[Result "0-1"]
[WhiteElo "1599"]
[BlackElo "1700"]
[PlyCount "28"]
[EventDate "2003.08.??"]
[EventType "swiss"]
[EventRounds "7"]
[EventCountry "BEL"]
[SourceTitle "EXT 2005"]
[Source "ChessBase"]
[SourceDate "2004.11.15"]
[SourceVersion "1"]
[SourceVersionDate "2004.11.15"]
[SourceQuality "1"]

1. e4 e6 2. d4 d5 3. e5 c5 4. c3 Nc6 5. Nf3 Qb6 6. Be2 Bd7 7. 0-0 Be7 8. Na3 cxd4 9. cxd4 Bxa3 10. bxa3 Nge7 11. Be3 0-0 12. Bd3 f5 13. exf6 Rxf6 14. Rb1 Qc7 0-1